Oiseaux #2 - Mort subite - Statistiques

Statistiques générales
  • Ce quiz a été pris 968 fois
  • Le résultat moyen est 4 sur 16
Answers on the Grid
Answers color-coded by a green-red scale on the quiz's grid according to % correct below.
Vautour
Autour
Alentour
Toultour
Grèbe
Glèbe
Ani
Ami
Argus
Négus
Petrus
Bec-en-ciseaux
Bec-en-couteau
Caïque
Cacique
Lori
Sori
Tory
Macreuse
Onglet
Hihi
Hoho
Motmot
Nestor
Castor
Stentor
Ganga
Tangara
Gangsta
Tango
Matmut
Agami
 
Statistiques - réponses
Réponse % Correct
Vautour
81%
Grèbe
46%
Autour
36%
Bec-en-ciseaux
34%
Macreuse
31%
Lori
23%
Tangara
16%
Ganga
15%
Caïque
13%
Motmot
13%
Agami
11%
Nestor
11%
Argus
10%
Cacique
10%
Ani
8%
Hihi
5%
Aucun quiz correspondant
Distribution des résultats
% des personnes avec chaque résultat
Percentile par nombre de réponses
Votre historique - résultats
Vous n’avez pas pris ce quiz